000 00606nam a2200181Ia 4500
008 090124s9999 xx 000 0 und d
082 _b38726
100 _aघोष जयंती
245 _a व्यवसाय मार्गदर्शक
250 _a1
260 _bमेहता पब्लिशिंग हाऊस
_c1998
300 _a326
600 _aघोष जयंती
630 _a व्यवसाय मार्गदर्शक
700 _aघोष जयंती
730 _a व्यवसाय मार्गदर्शक
942 _cBOOK
999 _c104916
_d104916